Catalog

Record Details

Catalog Search



The voyage of the Dawn Treader: The Chronicles of Narnia  Cover Image Book Book

The voyage of the Dawn Treader: The Chronicles of Narnia / C.S. Lewis ; illustrated by Pauline Baynes.

Summary:

NARNIA... the world of wicked dragons and magic spells, where the very best is brought out of even the worst people, where anything can happen (and most often does)... and where the adventure begins. The Dawn Treader is the first ship Narnia has seen in centuries. King Caspian has built it for his voyage to find the seven lords, good men whom his evil uncle Miraz banished when he usurped the throne. The journey takes Edmund, Lucy, and their cousin Eustace to the Eastern Islands, beyond the Silver Sea, toward Aslan's country at the End of the World.

Record details

  • ISBN: 9780060234867
  • ISBN: 0060234865
  • ISBN: 9780060234874 (lib.bdg.)
  • ISBN: 0060234873 (lib. bdg.)
  • ISBN: 9780064471077 (pbk.)
  • ISBN: 0064471071 (pbk.)
  • ISBN: 9780064405027
  • ISBN: 0064405028
  • Physical Description: 248 pages : illustrations, map ; 24 cm.
  • Publisher: New York : HarperCollins, 1994.

Content descriptions

Formatted Contents Note:
The picture in the bedroom -- On board the Dawn Treader -- The lone islands -- What Caspian did there -- The storm and what came of it -- The adventures of Eustace -- How the adventure ended -- Two narrow escapes -- The island of the voices -- The magician's book -- The Dufflepuds made happy -- The dark island -- The three sleepers -- The beginning of the end of the world -- The wonders of the last sea -- The very end of the world.
Subject: Narnia (Imaginary place)
Selfishness in children > Fiction.
Ship
King
Dragons > Juvenile fiction.
Voyages and travels > Juvenile fiction.
Genre: Juvenile works
Classic
Fantasy fiction.

Available copies

  • 1 of 1 copy available at scottsboropl.

Holds

  • 0 current holds with 1 total copy.
Show Only Available Copies
Location Call Number / Copy Notes Barcode Shelving Location Status Due Date
scottsboropl JF Lew 32269000804057 Juvenile - Fiction Available -

LDR 01568pam a2200373 a 4500
001116687
003SBPL
00520160302124937.0
008930601r19941952nyua j 000 1 eng
010 . ‡a 93011515
020 . ‡a9780060234867
020 . ‡a0060234865
020 . ‡a9780060234874 (lib.bdg.)
020 . ‡a0060234873 (lib. bdg.)
020 . ‡a9780064471077 (pbk.)
020 . ‡a0064471071 (pbk.)
020 . ‡a9780064405027
020 . ‡a0064405028
035 . ‡a(CONS)116687
035 . ‡a(CPomAG)LMN310992
05000. ‡aPZ7.L58474 ‡bVo 1994
08200. ‡a[Fic] ‡220
1001 . ‡aLewis, C. S. ‡q(Clive Staples), ‡d1898-1963. : ‡eauthor
24514. ‡aThe voyage of the Dawn Treader: ‡bThe Chronicles of Narnia / ‡cC.S. Lewis ; illustrated by Pauline Baynes.
260 . ‡aNew York : ‡bHarperCollins, ‡c1994.
300 . ‡a248 pages : ‡billustrations, map ; ‡c24 cm.
336 . ‡atext ‡btxt ‡2rdacontent
337 . ‡aunmediated ‡bn ‡2rdamedia
338 . ‡avolume ‡bnc ‡2rdacarrier
4901 . ‡aThe Chronicles of Narnia ; ‡vBk 5
5050 . ‡aThe picture in the bedroom -- On board the Dawn Treader -- The lone islands -- What Caspian did there -- The storm and what came of it -- The adventures of Eustace -- How the adventure ended -- Two narrow escapes -- The island of the voices -- The magician's book -- The Dufflepuds made happy -- The dark island -- The three sleepers -- The beginning of the end of the world -- The wonders of the last sea -- The very end of the world.
520 . ‡aNARNIA... the world of wicked dragons and magic spells, where the very best is brought out of even the worst people, where anything can happen (and most often does)... and where the adventure begins. The Dawn Treader is the first ship Narnia has seen in centuries. King Caspian has built it for his voyage to find the seven lords, good men whom his evil uncle Miraz banished when he usurped the throne. The journey takes Edmund, Lucy, and their cousin Eustace to the Eastern Islands, beyond the Silver Sea, toward Aslan's country at the End of the World.
600 0. ‡aNarnia (Imaginary place)
650 0. ‡aSelfishness in children ‡vFiction.
650 0. ‡aShip
650 0. ‡aKing
650 0. ‡aDragons ‡vJuvenile fiction.
650 0. ‡aVoyages and travels ‡vJuvenile fiction.
655 7. ‡aJuvenile works
655 7. ‡aClassic
655 7. ‡aFantasy fiction. ‡2lcgft
7001 . ‡aBaynes, Pauline,: ‡eillustrator.
8301 . ‡aLewis, C. S. ‡q(Clive Staples), ‡d1898-1963. ‡tChronicles of Narnia (HarperCollins (Firm)) ; ‡vbk. 5.
901 . ‡a116687 ‡bUnknown ‡c116687 ‡tbiblio

Additional Resources